000 00511nam a22001817a 4500
003 CEME
005 20210628203003.0
008 210127b xxu||||| |||| 00| 0 eng d
020 _a0-8247-0860-1
040 _c.
082 _a620.118 ADV
100 _aAdvani, Suresh .G:Sozer, E.Murat
_962731
245 _aProcess modeling in composites manufacturing
260 _aNEW YORK
_bMARCEL DEKKER
_c2003
300 _aIX,436P
650 _aCOMPOSITE MATERIALS, MANUFACTURING PROCESSES
_962732
942 _cBK
_2ddc
999 _c571746
_d571746